Estudios Latinoamericanos sobre cultura y transformaciones sociales en tiempos de globalización /
Salvato in:
| Autore principale: | |
|---|---|
| Ente Autore: | |
| Altri autori: | |
| Natura: | testo |
| Pubblicazione: |
Buenos Aires:
CLACSO
|
| Tags: |
Aggiungi Tag
Nessun Tag, puoi essere il primo ad aggiungerne!!
|
MARC
| LEADER | 00000 a a2200000 04500 | ||
|---|---|---|---|
| 001 | 26407 | ||
| 003 | |||
| 040 | |||
| 020 | |a 950-9231-62-2 | ||
| 090 | |a 148411 | ||
| 100 | |a Mato, Daniel | ||
| 110 | |a CLACSO | ||
| 245 | |a Estudios Latinoamericanos sobre cultura y transformaciones sociales en tiempos de globalización / |c Daniel Mato | ||
| 260 | |a Buenos Aires: |b CLACSO | ||
| 300 | |a 221 p | ||
| 500 | |a Disponible en Cd. en No.194106 | ||
| 700 | |a comp | ||
| 999 | |c 15678 |d 15678 | ||



